000 00337 a2200133 4500
040 _aDLC
082 _a891.4391
100 _aManzoor, S. Anam.
245 _aYaad-e-rafta
_cS. Anam Manzoor
260 _aLahore :
_bIzhar sons printers,
_c2001.
300 _a206 p. ;
_c24 cm.
650 _aUrdu-literature.
942 _cBK
_k891.4391 MAN
_2ddc
999 _c5976
_d5976